مكتبة جامعة عجلون الوطنية

فهرس بحث المكتبة

Normal view MARC view
  • القانون المدني -- البحرين -- العقود -- قوانين وأنظمة -- البحرين

Entry Topical Term

Number of records used in: 1

001 - CONTROL NUMBER

  • control field: 53059

003 - CONTROL NUMBER IDENTIFIER

  • control field: JO-AjAnu

005 - DATE AND TIME OF LATEST TRANSACTION

  • control field: 20230606082722.0

008 - FIXED-LENGTH DATA ELEMENTS

  • fixed length control field: 230606|| aca||aabn | a|a d

040 ## - CATALOGING SOURCE

  • Original cataloging agency: JO-AjAnu
  • Transcribing agency: JO-AjAnu

150 ## - HEADING--TOPICAL TERM

  • Topical term or geographic name entry element: القانون المدني -- البحرين -- العقود -- قوانين وأنظمة -- البحرين

670 ## - SOURCE DATA FOUND

  • Source citation: Work cat.: (JO-AjAnu)27109: تأليف خليفة، محمد سعد؛ م.مشارك أحمد محمد هيكل, author 53058, العقود المسماة في القانون المدني البحريني